00370nam a2200133Ia 4500003000400000008004200004040001600046082001600062100001900078245005900097260005300156300000800209650001900217GCL140319s9999 xx 000 0 aSpa d aGCL / cGCL04a892.76bN P1 aNAGUIB MAHFOUZ10aPRINCIPIO Y FIN (SPANISH LANGUAGE) / cNAGUIB MAHFOUZ a[S.N] : bTHE AMERICAN UNIVERSITY IN CAIRO PRESS a41704aNAGUIB MAHFOUZ